Pays par Indice #1 - Statistiques

Statistiques générales
  • Ce quiz a été pris 9 347 fois
  • Le résultat moyen est 10 sur 20
Statistiques - réponses
Indice Pays % Correct
Quel pays a offert la Statue de la Liberté aux États-Unis ? France
99%
De quel pays la musique mariachi est-elle originaire ? Mexique
78%
Quel pays a gagné plus d'un tiers des Prix Nobel décernés dans l'Histoire ? États-Unis
76%
Quel pays se situe à la frontière sud de l'Égypte ? Soudan
76%
Quel micro-état est situé entièrement dans les Pyrénées ? Andorre
68%
Quel pays enclavé ne le serait plus si le Viêt Nam n'existait pas ? Laos
63%
Quel pays a pour seuls voisins le Honduras et le Costa Rica ? Nicaragua
59%
Quel est le pays qui a la plus grande superficie entre les tropiques ? Brésil
57%
Quel pays est une ancienne propriété personnelle du roi Léopold II de Belgique ? R.D. du Congo
54%
Quel pays partage son nom, par coïncidence, avec un état américain ? Géorgie
51%
Quel petit pays était fusionné avec le Rwanda à l'époque coloniale ? Burundi
49%
Quel pays est nommé en l'honneur de Jésus Christ, "le sauveur" ? Salvador
43%
De quel pays d'Océanie Viti Levu et Vanua Levu sont-elles les îles principales ? Fidji
41%
Quel est le plus grand pays bordant le Lac Victoria ? Tanzanie
41%
Quel pays se situe en majorité sur la péninsule anatolienne ? Turquie
40%
Dans quel pays asiatique trouve-t-on le plus d'habitants chrétiens ? Philippines
27%
De quel pays la Dalmatie est-elle l'une des 4 régions historiques principales ? Croatie
26%
Dans quel pays l'archevêque Desmond Tutu vivait-il ? Afrique du Sud
23%
Quel est le premier pays d'Amérique à avoir été visité par Christophe Colomb ? Bahamas
23%
Dans quel pays trouve-t-on le plus d'éléphants ? Botswana
12%
Aucun quiz correspondant
Distribution des résultats
% des personnes avec chaque résultat
Percentile par nombre de réponses
Votre historique - résultats
Vous n’avez pas pris ce quiz